000 01836cam a22004694i 4500
003 PE-LiUPU
005 20250731173337.0
008 150706s1999 be rb 000 0 eng d
035 _a(Sirsi) a47235
040 _aPE-LiUPU
_bspa
_cPE-LiUPU
_erda
049 _aPRUA
082 0 4 _a221.07
_bHC
_221
100 1 _aVlaardingerbroek, Johannes,
_eautor.
245 1 0 _aZephaniah /
_cJohannes Vlaardingerbroek.
264 1 _aLeuven :
_bPeeters,
_c1999.
300 _a222 páginas ;
_c24 centímetros.
336 _atext
_2rdacontent
337 _aunmediated
_2rdamedia
338 _avolume
_2rdacarrier
490 0 _aHistorical Commentary on the Old Testament
504 _aIncluye bibliografía.
505 0 _aZephaniah 1:1, A. 1:1 superscription -- Zephaniah 1: 2-2:3 B. 12-23. The day of the lord against Judah and Jerusalem -- Zephaniah 2:4-15 C. 2:4-15. Against peoples small and Great -- Zephaniah 3:1-8 D. 3:1-8 Against Jerusalem -- Zephaniah 3:9-20 E. 3: 9-20 Salvation After Judgment.
526 _aSEG42
526 _aSEG41
526 _aSEG40
526 _aSEG39
526 _aP94
526 _aP87
526 _aP86
526 _aP85
526 _aP77
526 _aP76
526 _aP35
541 _g20081126230934D47324;
630 _aBiblia.
_pA.T.
_pSofonías
_xComentarios .
910 _agl
_bjv
_cjv
_d20100222
942 _2ddc
_cBOOK
949 _a221.07 HC 36
_wDEWEY
_c1
_i59819
_lCCODEBUL1
_mBUL
_p48.00
_r0
_sY
_tLIBRO
_u2015-07-06
_xTEOLOGIA
_zUNKNOWN
_o.STAFF. Colección General
994 _aC0
_bPEPRU
596 _a1
999 _a221.07 HC 36
_wDEWEY
_c49356
_i59819
_d49356
_e2017-5-30
_f2021-11-9
_g5
_lCCODEBUL1
_mBUL
_n3
_p48.00
_q4
_r0
_sY
_tBOOK
_u2015-7-6
_xTEOLOGIA
_zUNKNOWN
_0COMPRA
_o.STAFF. Colección Teología
980 _81
_gALBERTO SANCHEZ Responsable de Automatización